| 000 | 00633nam a2200193Ia 4500 | ||
|---|---|---|---|
| 001 | 12420 | ||
| 003 | GE_BSU | ||
| 008 | 181216s||||||||xx |||||||||||||| ||und|| | ||
| 040 | _cGE_BSU | ||
| 080 | _a631.3-192(075.8) | ||
| 100 | _aЕрмолов,Л.С. Кряжков,В.М. Черкун, В.Е. | ||
| 245 | _aОсновы надежности сельско-хозяйственной техники | ||
| 260 | _aМосква | ||
| 260 | _bКолос | ||
| 260 | _c1974 | ||
| 300 | _a222стр.илл.21см. | ||
| 653 | _aОсновы надежности сельско-хозяйственной техники | ||
| 942 | _cBK | ||
| 999 |
_c45594 _d45594 |
||